| 000 | 01010nam a2200253 a 4500 | ||
|---|---|---|---|
| 005 | 20241012064022.0 | ||
| 008 | 090821s2006 mx r 000 0 spa d | ||
| 020 | _a9685418667(Obra completa) | ||
| 035 | _aUPN01000171965 | ||
| 049 | _aI | ||
| 050 | 4 |
_aGV443 _bE3.7 |
|
| 245 | 0 | 0 |
_aEducación física en la escuela primaria / _cGabriela Fedi ... [et al.]. |
| 260 |
_aMéxico : _bEdilar : _bAlma, _c[2006]. |
||
| 300 |
_a4 vols. _bil. col. + _e1 CD-ROM ; 4 3/4 plg. |
||
| 500 | _aSolicita el CD-ROM en el Mostrador de Préstamo | ||
| 505 | 8 |
_aContenido: _gv.1 _tActividad física escolar _gv.2 _tIniciación al deporte _gv.3 _tJuego convencional y no convencional _gv.4 _tVida en la naturaleza y al aire libre |
|
| 650 | 4 |
_aEducación física _xEstudio y enseñanza (Elemental) _911517 |
|
| 650 | 4 |
_aDEPORTES - _xESTUDIO Y ENSEÑANZA _910375 |
|
| 650 | 4 |
_aJuegos educativos _93952 |
|
| 650 | 4 |
_aCAMPAMENTOS (EXCURSIONISMO) _95062 |
|
| 700 | 1 |
_aFedi, Gabriela, _ecoaut. |
|
| 905 | _aInfantil | ||
| 999 |
_c144069 _d144069 |
||